Totally awesome heath

Saved in:
Bibliographic Details
Format: Book
Published: 1997
Tags: Add Tag
No Tags, Be the first to tag this record!
Institutions: Mạng thư viện Đại học Đà Nẵng
LEADER 00436nam a22001811a 4500
001 000037866
003 14161
005 20160412021153.0
008 160412s1997 000
082 |a 4A(07)1330 
245 |a Totally awesome heath  |c Linda Meeks, Philip 
260 |c 1997 
OWN |a LNN 
999 |a From the UDN01 
TYP |a Monograph 
980 |a Mạng thư viện Đại học Đà Nẵng